000 00298nam a2200133Ia 4500
005 20260328101446.0
008 260328s9999||||xx |||||||||||||| ||und||
100 _aKlee, Paul
245 0 _aZauber Theater /
_cPaul Klee
260 _bPiper Galerie
300 _a63 p.
650 _aARTE
942 _cBK
999 _c8469
_d8469